000 a
999 _c91887
_d91886
005 20190724152136.0
008 190724b ||||| |||| 00| 0 eng d
020 _a9789383144099
080 _a89H-1(JAY)
_bJAY
245 _aJayasi granthawali (जायसी ग्रंथावली )
260 _bShubam publication
_aKanpur
_c2016
300 _a495p.
653 _aComplete works- Jayasi-Hindi literature
700 _aShukla, Acharya Ramchandra Ed.by
942 _cBK